Artes de México : arte y espiritualidad jesuitas : principio y fundamento /

Збережено в:
Бібліографічні деталі
Інші автори: Ruy Sánchez, Alberto (dirección) (dirección), Orellana, Margarita de (dirección) (dirección), Bermeo Vega, José Luis (coordinación) (coordinación)
Формат: Книга
Мова:Іспанська
Опубліковано: México : Artes de México, 2004
Теги: Додати тег
Немає тегів, Будьте першим, хто поставить тег для цього запису!

MARC

LEADER 00000nam^a2200000^a^4500
001 000629760
005 20260407000000.0
009 20260408133316.625
020 |a 970-683-096-0 
037 |a Acervo ITESO - Biblioteca 
041 |a ESP 
091 |a FOB. 04329 
240 1 1 |a [Artes de México] 
240 1 1 |a [Artes de México: arte y espiritualidad jesuitas] 
245 0 0 |a Artes de México :  |b arte y espiritualidad jesuitas : principio y fundamento / 
264 1 |a México :  |b Artes de México,  |c 2004 
300 |a 107 p. 
336 |a texto  |b txt  |2 rdacontenido 
337 |a sin mediación  |b n  |2 rdamedio 
338 |a volumen  |b nc  |2 rdasoporte 
649 |a XX 
700 |a Ruy Sánchez, Alberto  |e (dirección) 
700 |a Orellana, Margarita de  |e (dirección) 
700 |a Bermeo Vega, José Luis  |e (coordinación) 
910 |a Fondo Carlos de Obeso Orendain 
920 |a Impresos - Libros 
930 |a Fondos Especiales 
905 |a 147 
901 |a 629760-10  |b IT2  |c ESP  |i D  |u 20260407 
902 |a https://opac.biblio.iteso.mx/vufind/Record/000629760